LEADER 01656nam a2200349 u 4500 001 000000044916 003 CaOOAMICUS 005 20070226114613.0 008 990512s1982 fr u000 u fre u 020 $a2707104701 (v. 1) 020 $a270710471X (v. 2) 035 $a10823008 040 $aEFR(R)$bita 100 1 $aVernant, Jean-Pierre.$0(OLS)http://pul/name/5217 245 10$aMythe et pensée chez les grecs :$bétudes de psychologie historique /$cJean Pierre Vernant. 260 $aParis :$bF. Maspero,$c1982. 300 $a2 v. (376 p.) ;$c18 cm 490 1 $aPetite collection Maspero 650 0$aThought and thinking, Greek.$2//eng$0(OLS)http://pul/subject/19409 650 0$aPhilosophy, Ancient.$2//eng$0(OLS)http://pul/subject/595 650 0$aPsychology$xHistory.$2//eng$0(OLS)http://pul/subject/19410 830 0$aPetite collection Maspero.$0(OLS)http://pul/title/60569 850 $aPUL 852 $aPUL$W1$xDP1 Cons. Gen., Altre Classi 1$y22$m780 C 21-22$j60392$nBK-PRI$b $qStampati$B60392$CPULBib$Z2$F60392 $H $81 852 $aPUL$W1$xDP1 Cons. Gen., Altre Classi 1$y22$m780 C 21-22$j60392$nBK-PRI$b $qStampati$B60393$CPULBib$Z2$F60393 $H $81 941 1 $a8 961 $aINV: 53191 - 52192 961 $aINV: 53191 - 52192 996 $6020$a2707104701 (v. 1)$9(OLS)http://pul/number/56035 996 $6020$a270710471X (v. 2)$9(OLS)http://pul/number/56036 996 $6245$aMythe et pensée chez les grecs :$bétudes de psychologie historique$9(OLS)http://pul/title/60568 996 $6260$aParis :$bF. Maspero$9(OLS)http://pul/publisher/54815 LEADER 01574nam a2200301 a 4500 001 000000166160 003 CaOOAMICUS 005 20180222163736.0 008 180222s2017 it frm z000 u ita r 032 $aLibriCat 040 $aPUL$bita 100 1 $aCorradino, Alessio.$0(OLS)http://pul/name/107123 245 12$aL'amore sponsale nel maestro Giovanni D'Avila:$bformare i candidati agli ordini alla maturità affettiva, per una scelta di fedeltà a Cristo e alla Chiesa /$cAlessio Corradino. 260 $aRoma :$bPontificia Università Gregoriana,$c2017. 300 $a106 p. ;$c24 cm 502 $aTesi -- Pontificia Università Gregoriana. Facoltà di teologia. Istituto di spiritualità. 2017. 504 $aBibliografia: p.[89]-103. 600 04$aIohannes de Avila,$cs.,$d1500-1569.$0(OLS)http://pul/subject/13516 710 2 $aPontificia Università Gregoriana.$bIstituto di spiritualità$kTesi.$0(OLS)http://pul/name/40854 850 $aPUL 852 $aPUL$W1$xDP1 Tesi Pon. Univ. Gregoriana$y40$m2017 B 1$j182139$qTesi$B193570$CPULBib$Z2$F193570 $81 941 1 $a16 960 $aIoannes de Avila,$cs.$d1500-1569$913516 960 $aGiovanni d'Avila,$cs.,$d1500-1569$913516 960 $aJuan de Avila,$cs.,$d1500-1569$913516 996 $6245$aL'amore sponsale nel maestro Giovanni D'Avila:$bformare i candidati agli ordini alla maturità affettiva, per una scelta di fedeltà a Cristo e alla Chiesa$9(OLS)http://pul/title/205880 996 $6260$aRoma :$bPontificia Università Gregoriana$9(OLS)http://pul/publisher/47853